00358nam a22001097a 4500082001500000100003400015245008100049260005000130300002300180526003700203650000800240 a604.2bBRA aBritish Standards Institution aBritish standard engineering drawing practicecBritish Standards Institution aLondonbBritish Standards Institutioncc1953. a98 p.billc26 cm. a0b0c0d604_200000000000000_BRA aMCE